Mozart, die italienische Oper des 18. Jahrhunderts und das musikalische Leben im Königreich Böhmen /

Hlavní autor: Volek, Tomislav, 1931-
Korporativní autor: Don Juan Archiv Wien
Další autoři: Jonášová, Milada, 1973-, Pernerstorfer, Matthias Johannes, 1976-, Helfert, Vladimír, 1886-1945.
Jazyk: Němčina
Vydáno: Wien : Hollitzer, [2016]
Edice: Summa Summarum
Témata:
Fyzický popis: 2 svazky (liv, 589 stran; viii, strana 593-1103) : ilustrace, portréty, faksimile ; 25 cm
Odebírané svazky: 1-2
Knihy
Uloženo v:
LEADER 02656nam a2200613 ia4500
001 001573733
003 CZ BrMZK
005 20170524133119.0
007 ta
008 170426t20162016au agh f 001 0bger
020 |a 978-3-99012-300-3  |q (vázáno) 
040 |a BOA001  |b cze  |e rda 
043 |a e-xr---  |b e-xr-pg  |a e-au---  |2 czenas 
045 |a v-v- 
072 7 |a 782  |x Divadelní hudba. Opera, opereta, muzikál  |2 Konspekt  |9 9 
080 |a 782  |2 MRF 
080 |a 78-027.22  |2 MRF 
080 |a 792.54  |2 MRF 
080 |a (437.311)  |2 MRF 
080 |a (436.1)  |2 MRF 
080 |a (048.8)  |2 MRF 
100 1 |a Volek, Tomislav,  |d 1931-  |7 jk01150482  |4 aut 
245 1 0 |a Mozart, die italienische Oper des 18. Jahrhunderts und das musikalische Leben im Königreich Böhmen /  |c Tomislav Volek ; herausgegeben von Milada Jonášová und Matthias J. Pernerstorfer 
246 3 0 |a Don-Juan-Studie 
264 1 |a Wien :  |b Hollitzer,  |c [2016] 
264 4 |c ©2016 
300 |a 2 svazky (liv, 589 stran; viii, strana 593-1103) :  |b ilustrace, portréty, faksimile ;  |c 25 cm 
336 |a text  |b txt  |2 rdacontent 
337 |a bez média  |b n  |2 rdamedia 
338 |a svazek  |b nc  |2 rdacarrier 
490 0 |a Summa Summarum ;  |v 3 
500 |a "Mit der Don-Juan-Studie von Vladimír Helfert" 
500 |a Nad názvem edice: Don Juan Archiv, Wien 
504 |a Obsahuje bibliografie, bibliografické odkazy a rejstříky 
600 1 7 |a Mozart, Wolfgang Amadeus,  |d 1756-1791.  |t Don Giovanni  |7 aun2006373207  |2 czenas 
648 7 |a 18. století  |7 ch460556  |2 czenas 
650 0 7 |a opery  |7 ph123760  |z Rakousko  |y 18. století  |2 czenas 
650 0 7 |a hudební život  |7 ph135177  |z Česko  |y 18. století  |2 czenas 
650 0 7 |a hudební život  |7 ph135177  |z Rakousko  |y 18. století  |2 czenas 
650 0 7 |a operní inscenace  |7 ph137507  |z Česko  |y 18. století  |2 czenas 
650 0 7 |a operní inscenace  |7 ph137507  |z Rakousko  |y 18. století  |2 czenas 
651 7 |a Praha (Česko)  |7 ge118011  |2 czenas 
651 7 |a Vídeň (Rakousko)  |7 ge131380  |2 czenas 
655 7 |a monografie  |7 fd132842  |2 czenas 
700 1 |a Jonášová, Milada,  |d 1973-  |7 jo2013759057  |4 edt 
700 1 |a Pernerstorfer, Matthias Johannes,  |d 1976-  |7 jo2013763488  |4 edt 
700 1 2 |a Helfert, Vladimír,  |d 1886-1945.  |t Don-Juan-Studie 
710 2 |a Don Juan Archiv Wien  |7 mzk2017953227  |4 edt 
830 0 |a Summa Summarum 
910 |a BOA001  |b 2-1388.186  |s 1-2 
990 |a BK 
991 |b 201705  |c NOV 
996 7 |b 2610706115  |c 2-1388.186  |d Band 1  |v 1  |l MZK  |r Sklad / do 1 hodiny  |n 0  |p dar  |w 001610035  |u 000010  |a 1  |e BOA001  |j MZK50  |s A 
996 7 |b 2610706116  |c 2-1388.186  |d Band 2  |v 2  |l MZK  |r Sklad / do 1 hodiny  |n 2  |p dar  |w 001610035  |u 000020  |a 1  |e BOA001  |j MZK50  |s A